| 000 | 00374nam a2200157Ia 4500 | ||
|---|---|---|---|
| 008 | 221030s9999 xx 000 0 und d | ||
| 020 | _a0195108094 | ||
| 041 | _aEnglish | ||
| 082 |
_a105.23 _bLue |
||
| 100 | _aD. G. Luenberger | ||
| 245 | 0 | _aInvestment Science | |
| 260 |
_bOxford University Press _aNew Delhi _c1998 |
||
| 300 | _a494 | ||
| 650 | _aManagement | ||
| 942 | _cBK | ||
| 999 |
_c666 _d666 |
||